000 00669nam a2200241Ia 4500
003 OSt
005 20220918190621.0
006 a|||||r|||| 00| 0
007 ta
008 220917b |||||||| |||| 00| 0 eng d
024 _a58,165
037 _cTextual
040 _aARTS
_cARTS
_beng
041 _2eng
_aeng
082 _aQ1:1, L7-;1
100 _aVitsaxis Vassilis G.
_973325
245 0 _aHindu epics, myths and legends in popular illustrations
260 _aDelhi
_bOxford university press
_c1977
300 _axii,98p.
_ccm.
650 _aRELIGION
942 _hQ1:1, L7-;1
_cTEXL
_2CC
999 _c186136
_d186136